000
00291nam a2200121Ia 4500
008
220120s9999||||xx |||||||||||||| ||und||
020
_a
9780758707239
082
_a
003 BAN
100
_a
Banks, Jerry
245
0
_a
Discrete event system simulation
260
_b
New York
300
_a
66p.
_b
0
999
_c
136415
_d
136415